Análisis costo beneficio del mantenimiento de aisladores para media tensión
Gardado en:
| Autor Principal: | |
|---|---|
| Formato: | Libro |
| Publicado: |
[San José, Costa Rica]
2008
|
| Materias: | |
| Etiquetas: |
Engadir etiqueta
Sen Etiquetas, Sexa o primeiro en etiquetar este rexistro!
|
MARC
| LEADER | 00000nam a2200000Ia 4500 | ||
|---|---|---|---|
| 001 | 5870 | ||
| 003 | 010405 | ||
| 005 | 20221231144050.0 | ||
| 008 | 140114s2008 cr a 000 ||s d | ||
| 040 | |c cru CEDI | ||
| 090 | |a TFG 5870 | ||
| 100 | |a Bonilla Quiros, Natalia |9 3825 | ||
| 245 | |a Análisis costo beneficio del mantenimiento de aisladores para media tensión | ||
| 260 | |c 2008 |b [San José, Costa Rica] | ||
| 300 | |a viii, 74 hojas; ilustraciones | ||
| 500 | |a Proyecto de graduación (bachillerato de ingeniería eléctrica)--Universidad de Costa Rica. Facultad de Ingeniería. Escuela de Ingeniería Eléctrica | ||
| 650 | |x AISLADORES ELECTRICOS |x ENERGIA ELECTRICA |x TRANSFORMADORES ELECTRICOS |x DISTRIBUCION DE ENERGIA ELECTRICA |9 3826 | ||
| 942 | |c TFG | ||
| 999 | |c 16365 |d 16365 | ||
